| 000 | 00510nam a22002057a 4500 | ||
|---|---|---|---|
| 005 | 20220208161432.0 | ||
| 008 | 150728b xxu||||| |||| 00| 0 spa d | ||
| 041 | _aspa | ||
| 082 | _a006.3 O64u | ||
| 100 |
_aOrbe, Antonio _954663 |
||
| 245 | _aUna mirada al futuro: inteligencia artificial | ||
| 260 | _aMéxico | ||
| 260 | _bAlfaomega | ||
| 260 | _c2017 | ||
| 300 | _a228 páginas | ||
| 650 |
_aINTELIGENCIA ARTIFICIAL _91610 |
||
| 650 |
_aMENTE HUMANA _943096 |
||
| 650 |
_aOCIO _921278 |
||
| 942 | _cBK | ||
| 999 |
_c6956 _d6956 |
||